000 00763nam a2200241Ia 4500
003 OSt
005 20221005104709.0
006 a|||||r|||| 00| 0
007 ta
008 221004b |||||||| |||| 00| 0 hin d
024 _a45365
037 _cTextual
040 _aCRL
_cCRL
_bhin
041 _2hin
_ahin
082 _aO15:f, 152M7
100 _aकृष्ण लाल
245 0 _aसंस्कृत-शोधःवैदिक अध्ययन
246 _aSanskṛuta-shodhahvaidik adhyayana
260 _aदिल्ली
_bविभुवैभवम
_c1987
650 _aसंस्कृत साहित्य
942 _hO15:f, 152M7
_cTEXL
_2cc
999 _c1013530
_d1013530